000 00586nam a2200181 a 4500
001 BRCA_8894
005 20190320210441.0
008 150617s--------sp-#######---#000-0#lat-#
041 _alat
084 _aCO55
_b.G66
100 1 _aGomezii, Antonii
_ds.XVI
_922133
245 1 0 _aD. Antonii Gomezii, variarum resolutionum
_btomus tertius
300 _a372 p. (t.3)
_c30 x 21 cm
500 _aEstado físico: presenta encuadernación en pergamino con cintas rotas y presencia del pez de plata
650 1 4 _aDerecho civil
_yObras anteriores a 1800
_922134
902 _aCFM
942 _2lcc
_cB
999 _c8545
_d8545